| 000 | 01329cam a22003974a 4500 | ||
|---|---|---|---|
| 001 | 4443 | ||
| 003 | FISKH | ||
| 005 | 20240910093101.0 | ||
| 008 | 050727s2007 nyua b 000 0beng | ||
| 010 | _a 2005021696 | ||
| 020 | _a9780805067705 (hc.) | ||
| 020 | _a0805067701 (hc.) | ||
| 020 | _a9781428736948 (BWI bdg.) | ||
| 020 | _a1428736948 (BWI bdg.) | ||
| 020 | _a9780545493376 | ||
| 040 |
_aDLC _cDLC _dBKX _dBAKER _dBTCTA _dDLC _beng |
||
| 050 | _aNB237.W75 | ||
| 082 | _a730.92 | ||
| 100 | 1 | _aShea, Pegi Deitz. | |
| 245 | 1 | 0 |
_aPatience Wright : _bAmerica's first sculptor, and revolutionary spy / _cPegi Deitz Shea ; illustrated by Bethanne Andersen. |
| 260 |
_aNew York : _bScholastic, _c2007. |
||
| 300 |
_a33 unnumbered pages ; _bcolor illustrations ; _c28 cm |
||
| 505 | _aR | ||
| 521 | 8 |
_a750
_bLexile |
|
| 521 | 8 |
_aR
_bRaz-Plus |
|
| 600 | 1 | 0 |
_aWright, Patience Lovell _vJuvenile literature. |
| 600 | 1 | 1 | _aWright, Patience Lovell. |
| 650 | 0 |
_aSculptors _zUnited States _vBiography _vJuvenile literature. |
|
| 650 | 0 |
_aSpies _zUnited States _vBiography _vJuvenile literature. |
|
| 650 | 1 | _aSculptors. | |
| 650 | 1 |
_aSpies _zUnited States. |
|
| 700 | 1 |
_aAndersen, Bethanne, _d1954- _eillustrator |
|
| 906 |
_a7 _bcbc _corignew _d1 _eecip _f20 _gy-gencatlg |
||
| 942 |
_2ddc _cBK _n0 |
||
| 999 |
_c4443 _d4443 |
||